000
00325nam a2200145Ia 4500
100
_a
Gonzalez/Rafael C/ Woods.R.E.
250
_a
2
942
_c
BK
654
_a
digital
245
_a
Digital Image Processing
260
_b
Pearson Education
_a
Mumbai
_c
2003
082
_a
621.367
_b
GON
300
_a
793
546
_a
ENGLISH
999
_c
31379
_d
31379